Statistics for Bradley Cooper Filmography

Click here to take the quiz!

General Stats

  • This quiz has been taken 393 times
    (58 since last reset)
  • The average score is 28 of 83

Answer Stats

TypeYearName% Correct
Film2009The Hangover
88%
Film2014Guardians of the Galaxy
86%
Film2011The Hangover Part II
86%
Album2018A Star Is Born
84%
Film2018A Star Is Born
84%
Film2017Guardians of the Galaxy Vol. 2
84%
Film2023Guardians of the Galaxy Vol. 3
84%
Film2013The Hangover Part III
84%
Film2012Silver Linings Playbook
82%
Film2018Avengers: Infinity War
80%
Film2013American Hustle
78%
Film2014American Sniper
76%
Film2023Maestro
75%
Film2021Maestro
75%
Film2019Avengers: Endgame
73%
Film2011Limitless
65%
TV Show2015-2016Limitless
65%
Film2022Thor: Love and Thunder
61%
Film2005Wedding Crashers
59%
TV Show2009, 2011, 2013, 2015Saturday Night Live
53%
Film2015Joy
47%
Film2021Nightmare Alley
47%
Film2010The A-Team
45%
Film2014Serena
43%
Film2021Licorice Pizza
39%
Film2015Burnt
37%
Film2010Valentine's Day
37%
Film2016War Dogs
37%
Film2001Wet Hot American Summer
37%
Film2009All About Steve
35%
Film2006Failure to Launch
35%
Film2015Aloha
33%
Film2008The Midnight Meat Train
33%
Film2012The Place Beyond the Pines
33%
TV Show1999Sex and the City
31%
TV Show2001-2006Alias
29%
Film2009He's Just Not That into You
29%
Film2018The Mule
29%
Film2008Yes Man
29%
Film2008New York, I Love You
27%
Theater2014-2015The Elephant Man
27%
Film2012The Words
27%
Production2019Joker
25%
Web Special2022The Guardians of the Galaxy: Holiday Special
25%
TV Show2007-2009Nip/Tuck
24%
Web Series2022, 2023I Am Groot
22%
TV Show2005Law & Order: Special Victims Unit
20%
Theater2006Three Days of Rain
20%
Film2002Changing Lanes
18%
TV Show2005-2006Kitchen Confidential
18%
TV Show2005Law & Order: Trial by Jury
18%
Theater2008The Understudy
18%
Film2009Case 39
16%
Film2023Dungeons & Dragons: Honor Among Thieves
16%
Commercial2013Häagen-Dazs
14%
Film2002My Little Eyes
14%
Film201610 Cloverfield Lane
12%
Film2002Bending All the Rules
12%
Film2012Hit and Run
12%
FilmTBAIs This Thing On?
10%
TV Film2004I Want to Marry Ryan Banks
10%
TV Show2004-2005Jack & Bobby
10%
Short Film2011Kaylien
10%
TV Show2003Miss Match
10%
Film2008Older than America
10%
TV Film2003The Last Cowboy
10%
Film2008The Rocker
10%
TV Show2000-2001The $treet
10%
TV Show2004Touching Evil
10%
TV Film2000Wall to Wall Records
10%
Film2010Brother's Justice
8%
TV Show2000-2001Globe Trekker
8%
Short Film2013Making a Scene
8%
Film2007The Comebacks
8%
Web Series2015We Hot American Summer: First Day of Camp
8%
Short Film2008Bang Blow & Stroke
6%
Theme Park Attraction2017Guardians of the Galaxy - Mission: Breakout!
6%
TV Show2023Running Wild with Bear Grylls
6%
Documentary Mini-Series2021Clint Eastwood: A Cinematic Legacy
4%
Commercial2014Best Buy
2%
TV Special2016BET Presents Love & Happiness: An Obama Celebration
2%
TV Special2018Bradley Cooper: An American Cinematheque Tribute
2%
TV Show2023Running Wild with Bear Grylls: The Challenge
2%

Score Distribution

Percentile by Number Answered

Percent of People with Each Score

Your Score History

You have not taken this quiz since the last reset